000 00296nam a22001337a 4500
008 170419b xxu||||| |||| 00| 0 eng d
020 _a0824072820
041 _aeng
080 _a573
100 _a11
101 _ashm
245 _amolecular biology of the cell
_cALBERTS, B
942 _2udc
_cBK
999 _c11271
_d11271